Library Logo

Pioneer International University Library Catalogue

THE CLASSIC ROLLS - ROYCE / (Record no. 9833)

MARC details
000 -LEADER
fixed length control field 00437nam a22001577a 4500
003 - CONTROL NUMBER IDENTIFIER
control field OSt
005 - DATE AND TIME OF LATEST TRANSACTION
control field 20251119100030.0
008 - FIXED-LENGTH DATA ELEMENTS--GENERAL INFORMATION
fixed length control field 251119b |||||||| |||| 00| 0 eng d
020 ## - INTERNATIONAL STANDARD BOOK NUMBER
International Standard Book Number 081190556
040 ## - CATALOGING SOURCE
Transcribing agency BISON BOOKS CORP
050 ## - LIBRARY OF CONGRESS CALL NUMBER
Classification number TL 15 .G43 1985
Item number .G43 1985
245 ## - TITLE STATEMENT
Title THE CLASSIC ROLLS - ROYCE /
Statement of responsibility, etc. G .N . GEORGANO
250 ## - EDITION STATEMENT
Edition statement 1ST EDITION
260 ## - PUBLICATION, DISTRIBUTION, ETC.
Place of publication, distribution, etc. UNITED STATES OF AMERICA:
Name of publisher, distributor, etc. BISON BOOKS CORP,
Date of publication, distribution, etc. 1985
942 ## - ADDED ENTRY ELEMENTS (KOHA)
Source of classification or shelving scheme Library of Congress Classification
Koha item type Books
Suppress in OPAC No
Holdings
Withdrawn status Lost status Source of classification or shelving scheme Damaged status Not for loan Home library Current library Date acquired Total checkouts Barcode Date last seen Price effective from Koha item type
    Library of Congress Classification     PIU Library PIU Library 11/19/2025   PIUDL835 11/19/2025 11/19/2025 Books